| 000 | 01041nam a2200241 i 4500 | ||
|---|---|---|---|
| 001 | 163997 | ||
| 003 | ES-MaACL | ||
| 005 | 20250811172145.0 | ||
| 008 | 991103s1879 sp b |||| | fre d | ||
| 040 |
_aCCPB | B _bspa _cCCPB | B |
||
| 100 | 1 |
_aRoswag, Alphonse. _9132084 |
|
| 245 | 1 | 0 |
_aNouveau guide du touriste en Espagne et Portugal _b: itinéraire artistique / _cpar A. Roswag. |
| 260 |
_aMadrid ; _aParis : _bJ. Laurent et C\pie\s, _c1879 ( _fEst. Tip. de Álvarez Hermanos) |
||
| 300 |
_aXXI, [1], 365 p., [1] h. de mapa pleg. ; _c19 cm. |
||
| 510 | 4 |
_aPalau, _ct. XVIII, 279203 |
|
| 530 | _aDisponible en formato digital. | ||
| 599 | _aEl map. es lit. de España y Portugal. | ||
| 651 | 4 |
_aEspaña- _vGuías turísticas- _yS.XIX. _98207 |
|
| 651 | 4 |
_aPortugal- _xGuías turísticas _99256 |
|
| 852 |
_aES-MaACL _jC-290(1) _z- Enc. tela roja con estampaciones, orla con hierros negros y cortes rojos |
||
| 856 |
_uhttp://bdh-rd.bne.es/viewer.vm?id=0000000199&page=1 _zBiblioteca Digital Hispánica |
||
| 999 |
_c163997 _d163997 |
||